000 01030nam a22003257a 4500
001 0005312
003 KOHA_MİRAKIL
005 20260207001440.0
007 ta
008 090611b1989 tu |||gr||||#||||0|tur |
040 _aTR-BiSEU
_btur
_cTR-BiSEU
_erda
041 0 _atur
044 _ctu
050 _aBP189.2
_b.G86 1989
100 1 _aGündüz, İrfan.
245 1 _aOsmanlılarda Devlet/tekke münasebetleri/
_cİrfan Gündüz ; İrfan Gündüz.
264 1 _aİstanbul :
_bSeha
_c1989
300 _axv, 288 sayfa
336 _ametin
_btxt
_2rdacontent
337 _aaracısız
_bn
_2rdamedia
338 _acilt
_bnc
_2rdacarrier
490 1 _aSeha Neşriyat ;
_v10.
490 1 _aİlmi Eserler Serisi ;
_v3.
650 0 _aSufism--Turkey--Political aspects--History.
_912789
650 0 _aSufis--Turkey--Political activity--History.
_912790
650 0 _aIslam and state--Turkey--Historyl.
_912791
830 1 _aSeha Neşriyat ;
_v10.
_912792
830 1 _aİlmi Eserler Serisi ;
_v3.
_912793
942 _2lcc
_cBK
999 _c5294
_d5294